[Event "Bundesliga 0102"]
[Site "Germany"]
[Date "2001.11.24"]
[Round "3.7"]
[White "Gross, David2"]
[Black "Troyke, Christian"]
[Result "1-0"]
[WhiteElo "2463"]
[BlackElo "2347"]
[Annotator "Wells,P"]
[PlyCount "80"]
[EventDate "2001.10.06"]
[EventType "team-tourn"]
[EventRounds "15"]
[EventCountry "GER"]
[SourceTitle "CBM 087"]
[Source "ChessBase"]
[SourceDate "2002.03.21"]
[SourceVersion "1"]
[SourceVersionDate "2002.03.21"]
[SourceQuality "1"]
[WhiteTeam "Tegernsee"]
[BlackTeam "Erfurt SK"]
[WhiteTeamCountry "GER"]
[BlackTeamCountry "GER"]

1. e4 c5 2. Nf3 Nc6 3. Bb5 g6 4. Bxc6 bxc6 5. O-O Bg7 6. Re1 Nh6 7. c3 O-O 8.
h3 f6 9. d4 cxd4 10. cxd4 Nf7 11. b3 d6 12. Bb2 Qa5 13. Nc3 Rb8 14. Rc1 Ba6 15.
Na4 Rfc8 16. e5 $1 {Another for the collection of cases where the side with
the knights opens the position! In fact here black's structure will be left
severely dented - the dual weaknesses on c6 and the e6/e7 moisture on the
e-file do not bode well for black.} Bb5 17. Bc3 Qc7 18. Nb2 d5 19. exf6 exf6
20. Bb4 $1 {[%cal Ge1e7]} Re8 (20... Be2 21. Qxe2 Rxb4 22. Nd3 {[%cal Yd3c5,
Yc5e6]}) 21. Qc2 $1 {[%csl Rc6,Re7] In a sense 'overworking' the black rook.}
Bh6 22. Bd2 $1 Bf8 23. Rxe8 Rxe8 24. a4 Be2 25. Ne1 $1 {Nice unhurried. c6
will not run away!} Ba3 26. Be3 Ba6 27. Qxc6 $1 Qxc6 28. Rxc6 Bb7 29. Rc7 Nd8
30. Nbd3 {Another example, which, while its extreme smoothness rests upon
certain specifics, still carries a strong general meassage.} Bd6 31. Rc1 Nc6
32. Nc5 Ba8 33. Ned3 a5 34. Nd7 Kf7 35. Nb6 Bb7 36. Nc5 Bxc5 37. Rxc5 Nb4 38.
Bd2 Nd3 39. Rxa5 Re2 40. Be3 Re1+ 1-0

[Event "RUS-chT 05th"]
[Site "Maikop"]
[Date "1998.06.09"]
[Round "7"]
[White "Ulybin, Mikhail"]
[Black "Yakovich, Yuri"]
[Result "1/2-1/2"]
[WhiteElo "2575"]
[BlackElo "2570"]
[Annotator "Wells,P"]
[PlyCount "44"]
[EventDate "1998.06.03"]
[EventType "team-tourn"]
[EventRounds "11"]
[EventCountry "RUS"]
[SourceTitle "CBM 066"]
[Source "ChessBase"]
[SourceDate "1998.09.30"]
[SourceVersion "1"]
[SourceVersionDate "1998.09.30"]
[SourceQuality "1"]
[WhiteTeam "Ekaterinburg Agat"]
[BlackTeam "Elista Uralan"]
[WhiteTeamCountry "RUS"]
[BlackTeamCountry "RUS"]

1. e4 c5 2. Nf3 Nc6 3. Bb5 g6 4. Bxc6 bxc6 5. O-O Bg7 6. Re1 Nh6 7. c3 O-O 8.
d4 {This game and others, with Yakovich playing a prominent role suggest that
the kind of position we reach here around move 11 is not very dangerous for
black. In that case white has two possible strategies to improve. 1) Some line
with e5-e6 instead of exchanging on f6 ( see notes to move 10 ) 2) To play} (8.
h3 $5 {here instead of the text. Since in the main line where black responds
with ...d6 and ...f6 white is virtually obliged to throw in a quick h3 anyway,
it is difficult to see a good argument against this. The only independent try
for black would seem to be} d5 9. d3 f6 10. Be3 c4 {but after} 11. exd5 cxd3
12. Qxd3 cxd5 13. Bc5 Bf5 14. Qd1 Be4 15. Nbd2 Rc8 16. Nxe4 (16. Ba3 $5) 16...
dxe4 17. Qxd8 Rfxd8 18. Bxe7 exf3 19. Bxd8 Rxd8 20. Rad1 $16 {[%csl Yc3][%cal
Yc3c8] Rublevsky,S - Hracek,Z/ Polanica Zdroj 1996. White's rook should be
easily superior to the two black minor pieces in the ending according to
Rublevsky.}) 8... cxd4 9. cxd4 d5 $5 10. e5 f6 $1 11. exf6 {After this I
strongly suspect that white can set his opponent no serious problems.
Therefore it is well worth a look at lines where white retains flexibility,
perhaps with a view to later attempting to slice black's position in two with
the advance e5-e6.} (11. Nbd2 g5 12. e6 $5 Qd6 13. Qe2 Nf5 (13... g4 $5 {
It looks tempting to harrass this knight before white can play Nb3 as in the
game creating a painless retreat square on d2. The variation 'A2' is probably
critical and, of course the position is a complete mess. Both sides vie to
give up material. The exchange sacrifice looks promising for black, and
white's piece offer rather less so, I am rather optimistic about black's
prospects.} 14. Nh4 f5 15. Nb3 (15. g3 $5 Bxd4 $6 (15... f4 $1) 16. Nb3 Bg7 17.
Bxh6 Bxh6 18. Nd4 $16) 15... f4 16. g3 (16. Nc5 $5 Bf6 17. Nf5 Nxf5 18. Qxg4+
Ng7 19. Bxf4 Qd8 20. Be5 Qe8 $15) 16... a5 17. Bxf4 Rxf4 $1 18. gxf4 a4 19. Nc5
Bxd4 20. Nd3 a3 $132 {[%csl Yc8,Yd4][%cal Yc8a6,Ya6d3,Yd4b2,Yd4f2]}) 14. Nb3 g4
15. Nfd2 a5 16. Nf1 a4 17. Qxg4 Bxe6 18. Bf4 h5 19. Qf3 Qd8 20. Nc5 Nxd4 $1 21.
Qe3 Bf7 22. Qxd4 e5 23. Qd2 exf4 24. Qxf4 a3 25. bxa3 Re8 26. Ng3 {[%csl Gc5,
Gf5][%cal Gg3f5] White is better.Although the coming simplification does not
appear to help matters, white will, given time play Nf5 when his two knights
form a pleasing picture, and help to guarantee the limited scope of the bishop
pair too.} Rxe1+ 27. Rxe1 Qa5 28. Rc1 Re8 29. Qb4 Qxb4 30. axb4 $16 {Timman,
J-Yakovich,Y/Open, Koge DEN 1997/1-0 (59)}) ({So what of the immediate} 11. e6
$5 Qd6 12. Qe2 {. This is untested, but looks worth investigation since here
white has the option ( perhaps we can even say threat ) of 13 b3 and Ba3.})
11... exf6 12. h3 g5 13. b3 Bf5 14. Ba3 Re8 15. Rxe8+ Qxe8 16. Nbd2 Nf7 17. Qf1
Nd8 18. Qa6 Qd7 19. Rc1 Rc8 20. Bc5 Rc7 {[%csl Ra7,Rc6][%cal Gd7c6,Gc7a7,Gd8c6]
Black's two weaknesses on the queenside are well covered, and it is not easy
for white to strengthen his position further. In the end, one aggressive
gesture from black on the other side is sufficient for peace negotiations to
break out!} 21. Re1 Ne6 22. b4 h5 $1 1/2-1/2

[Event "RUS-chT 05th"]
[Site "Maikop"]
[Date "1998.06.04"]
[Round "2"]
[White "Morozevich, Alexander"]
[Black "Yakovich, Yuri"]
[Result "1-0"]
[WhiteElo "2590"]
[BlackElo "2570"]
[Annotator "Wells,P"]
[PlyCount "43"]
[EventDate "1998.06.03"]
[EventType "team-tourn"]
[EventRounds "11"]
[EventCountry "RUS"]
[SourceTitle "CBM 066"]
[Source "ChessBase"]
[SourceDate "1998.09.30"]
[SourceVersion "1"]
[SourceVersionDate "1998.09.30"]
[SourceQuality "1"]
[WhiteTeam "Tomsk 400"]
[BlackTeam "Elista Uralan"]
[WhiteTeamCountry "RUS"]
[BlackTeamCountry "RUS"]

1. e4 {Kaidanov,G} c5 2. Nf3 (2. Nc3 Nc6 3. Nf3 g6 4. Bb5 Bg7 5. Bxc6 {This
does not look too critical here. The normal move 5 0-0 leads back into the
main game.} bxc6 $1 {It makes good sense to capture with the b-pawn once the
plan with c3 and d4 has been ruled out.} 6. O-O Nh6 7. d3 O-O 8. h3 d6 9. e5
Nf5 10. Re1 Rb8 11. Rb1 Be6 12. Bf4 Bd5 13. Nxd5 cxd5 14. c3 (14. g4 $5 Nd4 15.
Nxd4 cxd4 16. exd6 e6 $1 $13) 14... dxe5 15. Nxe5 Rb6 16. Qa4 Bxe5 $1 {[%cal
Yf7f6,Ye7e5]} 17. Bxe5 f6 {=/+ Adams,M-Rowson,J/Match, London ENG 1998. Black
is slightly for preference since he has chances to push in the centre, which
will in turn further restrict the scope of white's bishop.}) 2... Nc6 3. Bb5 g6
4. O-O Bg7 5. Nc3 Nd4 {There is certainly nothing wrong or objectionable in
this move which is a very common reaction to an early Nc3 by white in these
systems. Still, with the white knights already committed to c3 and f3, much of
the sting is taken out of a possible capture on c6 ( see Adams - Rowson above )
and hence simple development comes strongly into consideration eg.} (5... Nf6 {
is playable, but affords white a pleasant enough choice between:} 6. e5 {or} (
6. Re1 O-O 7. e5 Ne8 8. Bxc6 dxc6 9. h3) 6... Ng4 7. Bxc6 dxc6 8. Re1 O-O 9. d3
{the point being that in both cases the early Nc3 fits in quite well with
white's plans.}) (5... e5 $5 {is interesting} 6. Bxc6 bxc6 7. d3 Ne7 8. a3 a5
$5 (8... O-O 9. Be3 (9. b4 cxb4 10. axb4 d5 $15) 9... d6 10. b4 cxb4 11. axb4 {
Sutovskij,E - Lutz,C/Bad Homburg 1997.} a5 $5 12. bxa5 (12. b5 cxb5 13. Nxb5 d5
14. Bc5 d4 $13) 12... Rxa5 13. Rb1 c5 $11 {Liss,E ( CBM 60 ).}) 9. Be3 d6 10.
Nd2 O-O 11. f4 exf4 12. Bxf4 {Alterman,B - Kaidanov,G/ Yerevan (ol) 1996.} h6
$1 {is Kaidanov's logical suggestion intending ...f5 with the option of the
space gaining ...g5 to follow.}) (5... d6 $5 {looks most logical of all,
challenging white to find a viable plan in the absence of c3 and e4 ideas.} 6.
d3 ({In principle white would like to do something along the lines of} 6. e5
dxe5 7. Bxc6+ bxc6 8. Re1 f6 9. d3 {but black's centre is solid, and white's
prespectives are little better than winning back his sacrificed pawn.}) (6. Re1
e5 7. Nd5 a6 8. Bc4 b5 9. Bf1 Nge7 10. a4 Rb8 11. axb5 axb5 12. Nxe7 Qxe7 13.
d3 O-O 14. Bg5 {1/2-1/2 Ehlvest,J-Andersson,U/Rubinstein mem 34th 1997/CBM 61})
6... Bd7 7. a4 Nf6 8. h3 O-O 9. Be3 e5 10. Nd2 Be6 11. Bc4 h6 12. Ne2 b6 13.
Bxe6 fxe6 14. f4 exf4 15. Nxf4 Qe8 16. c3 d5 17. Kh1 g5 18. Ne2 dxe4 19. Nxe4
Nxe4 20. Rxf8+ Bxf8 21. dxe4 {[%csl Rd3,Ge5] Adams,M-Anand,V/FIDE WCh KO 1997.
Black's position is preferable. He has a nice square for his knight on e5, and
white's d3 point also represents a potential weakness. Moreover of the two
isolated e-pawns, white's should prove the easier to attack, a factor which in
turn improves black's chances of laying claim to the d-file.}) 6. Ba4 $5 $146 {
An interesting novelty. White simply tries to hinder the comfortable
development of black's king-side by pinning the d-pawn. Hence no ...d6 to
prepare ...Nf6, and no ...e6 followed by a quick ...d5.} (6. Bc4 {is an
interesting alternative.} e6 (6... d6 $14) 7. Nxd4 cxd4 8. Nb5 d5 9. exd5 exd5
10. Bxd5 Ne7 (10... a6 $2 11. Qf3 Nf6 12. Re1+ Kf8 13. Qa3+ Kg8 14. Bxf7+ $1
Kxf7 15. Nd6+ {1-0 Najer E-Plischki S/Pardubice CZE 1996}) 11. Bf3 d3 12. Be4
dxc2 13. Qxc2 O-O 14. d3 Be6 15. Bg5 Qd7 16. Qc7 $6 (16. Nc3 $5 $14) 16... Qxb5
17. Bxe7 Rfe8 18. Bxb7 Rab8 19. Bc6 Rxe7 20. Qxe7 Qxc6 21. Qxa7 Ra8 22. Qe3
Bxb2 $15 {0-1 Rozentalis,E-Goldin,A/URS-FL56 Klaipeda 1988/CBM 11 (35)}) (6.
Nxd4 cxd4 7. Ne2 Qb6 $5) 6... Qa5 $6 {This definitely looks too extravagant.
Problems are also evident in variations like} (6... e6 7. Nxd4 cxd4 8. Nb5 Qb6
{the impossibility of 8...d5? is clearly a source of embarrassent.} 9. c3 $5
$16) (6... a6 $5) 7. Rb1 $1 e6 $6 ({Black could still prefer} 7... a6 $5 8. a3
$5 (8. Bb3 Nxb3 9. axb3 $32 d6 $1 (9... Nh6 $6 10. Nd5 (10. d4 cxd4 11. Nd5 $1
(11. Bxh6 Bxh6 12. Qxd4 O-O 13. Nd5 Qd8 14. e5 $36) 11... e6 $140 $2 12. Bxh6
Bxh6 13. Qxd4)) 10. Re1 Nf6 $13) 8... b5 9. b4 Qd8 10. Bb3 c4 (10... Nxf3+ 11.
Qxf3 c4 12. Ba2 Bb7 13. Bb2 $14) 11. Ba2 e6 12. Bb2 $32) ({or ...} 7... b5 $5
8. Nxd4 bxa4 $1 (8... Bxd4 9. Bxb5 Bxc3 10. bxc3 Qxa2 11. Bb2 $16) (8... cxd4
9. b4 $1 Qa6 10. Bxb5 Qb7 11. Nd5 e6 12. Ba6 $1 $16) 9. Nde2 $14) ({but not ...
} 7... Nxf3+ $2 8. Qxf3 Bxc3 9. Qxc3 Qxc3 10. bxc3 $16 {White can followup
with Ba3 and d4 for example with strong pressure.}) 8. a3 b5 9. b4 Qa6 10. bxc5
$1 Nxf3+ (10... bxa4 11. Nxd4 Bxd4 12. Nb5 Be5 13. Bb2 $1 $18 {[%cal Yb2h8,
Yb5c7]}) 11. Qxf3 bxa4 12. Nb5 Ke7 (12... Be5 13. Bb2 $18) 13. d4 $1 $44 {
[%csl Ra6,Yc5,Yd4,Ye4,Re7][%cal Gb5c7,Gb5d6] White's compensation is massive
and largely self-evident. Both black's major pieces are in difficulties, and
most of the rest of his forces will have severe problems leaving home. White
dominates the centre, and his superb knight has a choice of tasty outposts
carrying concrete threats.} f6 $6 (13... Qc6 $5 {looks more testing although}
14. d5 Qxc5 15. Be3 Qc4 16. d6+ Kf8 17. Nc7 Qc6 18. e5 Qxf3 19. gxf3 $16 {
is one clear if rather materialistic route to a plus.}) 14. Nc7 Qc6 15. d5 Qxc5
16. Nxa8 Ba6 17. Re1 Nh6 18. Be3 Qc8 19. d6+ $1 {Now it becomes a rout!} Kxd6 {
[%csl Rd6]} 20. Bxh6 Bxh6 21. Qxf6 Qf8 (21... Qxa8 22. Red1+ Kc7 23. Qe5+ {
and white gets to 'hoover' the rather valuable back rank.}) 22. Red1+ 1-0

[Event "RUS-chT 05th"]
[Site "Maikop"]
[Date "1998.06.12"]
[Round "10"]
[White "Hasangatin, Ramil"]
[Black "Gagarin, Vasilij"]
[Result "0-1"]
[WhiteElo "2460"]
[BlackElo "2415"]
[Annotator "Wells,P"]
[PlyCount "92"]
[EventDate "1998.06.03"]
[EventType "team-tourn"]
[EventRounds "11"]
[EventCountry "RUS"]
[SourceTitle "CBM 066"]
[Source "ChessBase"]
[SourceDate "1998.09.30"]
[SourceVersion "1"]
[SourceVersionDate "1998.09.30"]
[SourceQuality "1"]
[WhiteTeam "Kazan Sberbank-Tatarstan"]
[BlackTeam "Moscow Apiko-Yakimanka"]
[WhiteTeamCountry "RUS"]
[BlackTeamCountry "RUS"]

1. e4 c5 2. Nf3 Nc6 3. Bb5 g6 4. Bxc6 dxc6 5. d3 {It is now generally agreed
that this is more accurate than 5 h3?! which, by leaving the e4 pawn
undefended allows black to play 5...e5! immediately, before having to commit
his king's bishop. In any case, the general rule is that white has nothing to
fear from ...Bg4 so long as he can answer with Nbd2, preparing any recapture
on f3 with the knight. In this way control over the d4 square - the chief
priority - can be maintained.} Bg7 6. h3 {Since white's intended set-up
involves putting his knight on c3, this is probably now advisable for the
reason discussed in the above note.} (6. Nc3 Bg4 7. h3 Bxf3 8. Qxf3 Nf6 {
[%cal Yf6d7,Yd7f8,Yf8e6,Ye6d4]}) 6... e5 (6... Nf6 7. Nc3 (7. Be3 Nxe4 $5 (7...
b6) (7... Nd7) 8. dxe4 Qxd1+ 9. Kxd1 Bxb2 10. c3 Bxa1 11. Kc2 (11. Bxc5 $5)
11... b6 12. Nbd2 Bxc3 13. Kxc3 $13 {Wells}) 7... Nd7 8. Be3 e5 9. Qd2 Qe7 10.
Bh6 Bxh6 11. Qxh6 f6 12. Nd2 Nf8 13. f4 Ne6 $2 (13... exf4 14. Qxf4 {is
minimally better for white. He can try to prove that it is easier to find a
positive role for the knights than for black's bishop given white's solid
central pawn structure, and he has chances to create a mild initiative on the
dark squares. However after the text move... is minimally better for white
since black's bishop has trouble finding a convincing role, and white can aim
for superiority on the dark squares. After the text, however, the weakness of
black's e-pawn and white's control of the f-file are far more concrete plusses.
}) 14. fxe5 fxe5 {[%csl Re5][%cal Yf1f8] ...black is left with much more
concrete weaknesses - a weak isolated e5 pawn, and white's coming domination
of the f-file. The extra influence which he is able to exert on the d4 and f4
squares by no means fully compensates for this.} 15. Ne2 $1 {[%csl Yd4,Yf4]}
Bd7 16. O-O O-O-O 17. Nc4 $1 {[%csl Rd6][%cal Yf1f7]} Be8 18. Rf2 Nc7 19. a4
Na6 20. Raf1 Nb4 21. Nc1 $16 {Wells,P - Chandler,M}) (6... b6 7. Nc3 e5 8. Be3
f6 $5 9. Qd2 Be6 10. Nh2 $1 {the f4 break is an important element of white's
play in this variation. It is often executed after the exchange of
dark-squared bishops, but black's original move order has kept h6 well under
control.} g5 (10... c4 11. f4 $1 $14) 11. h4 h6 12. O-O-O $6 (12. g3 Ne7 13. f4
$16) 12... Ne7 13. g3 Ng6 $1 14. h5 $6 Ne7 15. f4 Qd7 16. Kb1 O-O-O 17. f5 Bf7
18. Qe2 Qe8 19. Nf1 Kb8 20. Nd2 Nc8 $1 $13 21. Na4 Nd6 {1/2-1/2 Wells,P-Kiss,
Pal, Hungarian League 98-99 1998.}) 7. Be3 Qe7 8. Qd2 Nf6 9. Bh6 $5 {This is
rather more forcing than} (9. Nc3 {which gives black the choice to delay
castling and play} Nd7 10. Bh6 {returning to Wells - Chandler above. Whether
this is an alternative black should exercise is less clear.}) 9... O-O 10. Nc3
Re8 11. Bxg7 Kxg7 12. O-O-O (12. Nh2 $5 {There is a case for making some moves
on the king-side first and committing the king only later.} h5 13. O-O-O Nh7
14. Ne2 Ng5 15. f4 exf4 16. Nxf4 c4 17. Rdf1 cxd3 18. cxd3 Be6 19. Kb1 Rad8 20.
Qc3+ Kg8 21. Nf3 $6 (21. h4 $1 Nh7 22. g4 hxg4 23. h5 gxh5 24. Nxh5 Qg5 25. Nf4
g3 26. Rhg1 $40) 21... Bc8 22. Nxg5 Qxg5 $11 {1/2-1/2 Wells,P-Silman,J/
Budapest 1994 (31)}) 12... b5 13. Kb1 a5 14. Nh2 a4 15. Ne2 a3 16. b3 c4 $1 {
[%csl Rb3,Rd3]} 17. Nc3 cxb3 18. cxb3 Be6 19. Nf3 ({White would prefer to play
} 19. f4 $5 {in principle, but...} exf4 20. Qxf4 Qb4 {is awkward, with many
possibilities to exploit white's weakened queenside by sacrificing on b3.})
19... Bd7 20. Qe3 c5 21. Nd2 Bc6 22. Rc1 Red8 23. Rhd1 Qd6 24. Nf3 b4 25. Ne2
Bb5 {[%csl Rd3][%cal Yb5d3,Yd6d3,Yd8d3]} 26. Ne1 Rac8 27. g3 Nd7 $5 {The
starting-point for a notable knight tour, but the immediate breakthrough} (
27... c4 $1 28. dxc4 Qxd1 29. Rxd1 Rxd1+ 30. Nc1 Bxc4 $1 31. bxc4 Rxc4 {
[%csl Rb1,Rc1,Re4][%cal Yb4b3,Yf6e4,Ye4d2] is very strong since white's king
is seriously boxed in, and his knight's on the back rank ill-equipped to
provide a serious defence.}) 28. f4 f6 29. h4 Kh8 30. Ng1 $6 (30. h5 $1 $132)
30... Nf8 31. Ngf3 (31. f5 $5) 31... Ne6 32. f5 gxf5 33. exf5 Nd4 {Although a
fairly typical manouevre for this variation ( see note to 6Nc3 ), it is
interesting to see it in a board full of  'action', and still another question
why white did not take steps to prevent it   going the full distance. Note too
that black's ...c4 and ...cxb3 was the key to    ensuring the permanent
weakening of white's d4 square.} 34. Nh2 Nxf5 35. Qf3 Ng7 36. Ng4 Qd4 37. Rd2
f5 {the next couple of moves have a hint of 'zeitnot' about  them although
black never seriously loses control. Here the thematic breakthough on the
queenside was possible again via:} (37... c4 $1 38. bxc4 Bxc4 39. Nxf6 Bxd3+ $1
40. Nxd3 (40. Qxd3 Qa1+ $5 41. Kxa1 Rxc1+ 42. Qb1 Rxb1+ 43. Kxb1 Rxd2 $19)
40... Rxc1+ 41. Kxc1 Qa1+ 42. Kc2 {Wells} Ne6 $1 {Fritz 5.}) 38. Nh6 e4 39. Qf4
Qf6 40. Ng4 Qd4 41. Ne5 Kg8 42. Nc4 Bxc4 43. Rxc4 Qd5 44. g4 fxg4 45. Qxg4 exd3
46. Rxd3 Qe5 0-1